000 00510nam a22001817a 4500
999 _c525481
_d525481
003 NUST
020 _a9693504437
038 _aZafar Malik
082 _a150.1952
_bAHM
100 _aAhmed Shehzad
_916386
245 _aFreud Ki Nafsiyat Kay Do Dour \
_cShehzad Ahmed
260 _aLahore :
_bSang-e-Meel Publications ;
_c2005.
300 _a416 p. ;
500 _aHardcover
880 _6100-02\r
_aشہزاد احمد
880 _6245-02\r
_aفرائیڈ کی نفسیات دو دور
942 _2ddc
_cBK